000 00708nam a2200265 i 4500
001 65810
003 ES-MaBCM
005 20241016112743.0
008 871020s1974 mex 000 0 spa d
021 _axx
035 _a(OCoLC)1365128150
040 _cES-MaBCM
041 0 _aspa
043 _amex
080 _a321.01
100 1 _aHeller, Hermann
_921630
245 1 0 _aTeoría del Estado
_cHermann Heller
260 _aMéxico :
_bFondo de Cultura Económica,
_c1974
300 _a341 p.
_c30 cm
440 0 _aSección de obras de ciencia política
_9100691
500 _a2 ejemplares fotocopiados
650 2 7 _aTeoría del Estado
_960434
700 1 _aNiemeyer, Gerhert
_933611
942 _cBK
999 _c65810
_d65810